|
|
|
|
| LEADER |
00000nam1a2200000 4500 |
| 001 |
152750 |
| 005 |
20231101221637.0 |
| 010 |
|
|
|a 5265012125
|
| 020 |
|
|
|a RU
|b 90-60893
|
| 035 |
|
|
|a (RuTPU)RU\TPU\book\165613
|
| 090 |
|
|
|a 152750
|
| 100 |
|
|
|a 20090204d1990 m y0rusy5003 ca
|
| 101 |
0 |
|
|a rus
|
| 200 |
1 |
|
|a Окоем
|e повести, воспоминания
|f А. И. Шаров
|g авт. послесл. Б. Чичибабин ; авт. послесл. П. Спивак ; худож. Н. Г. Гольц
|
| 210 |
|
|
|a Москва
|c Советский писатель
|d 1990
|
| 215 |
|
|
|a 448 с.
|c ил.
|d 21 см
|
| 600 |
|
1 |
|a Гроссман
|b В. С.
|c русский писатель
|f 1905-1964
|g Василий Семенович
|2 stltpush
|3 (RuTPU)RU\TPU\pers\14232
|9 4688
|
| 610 |
1 |
|
|a советская литература
|
| 610 |
1 |
|
|a повести
|
| 610 |
1 |
|
|a воспоминания
|
| 675 |
|
|
|a Р2
|z rus
|
| 700 |
|
1 |
|a Шаров
|b А. И.
|g Александр Израилевич
|4 070
|
| 702 |
|
1 |
|a Чичибабин
|b Б.
|4 075
|
| 702 |
|
1 |
|a Спивак
|b П.
|4 075
|
| 702 |
|
1 |
|a Гольц
|b Н. Г.
|4 440
|
| 801 |
|
0 |
|a RU
|b RuMRKP
|c 19950417
|g psbo
|
| 801 |
|
1 |
|a RU
|b 63413507
|c 20090204
|g PSBO
|
| 801 |
|
2 |
|a RU
|b 63413507
|c 20090204
|g PSBO
|
| 942 |
|
|
|c BK
|